Corporate Taxation in the Global Economy.

The policy paper Corporate Taxation in the Global Economy stresses the need to maintain and build on the progress in international cooperation on tax matters that has been achieved in recent years, and in some respects now appears under stress. With special attention to the circumstances of developi...

Descripció completa

Dades bibliogràfiques
Autor corporatiu: International Monetary Fund. Fiscal Affairs Dept
Format: Revista
Idioma:English
Publicat: Washington, D.C. : International Monetary Fund, 2019.
Col·lecció:Policy Papers; Policy Paper ; No. 2019/007
Accés en línia:Full text available on IMF
LEADER 01592cas a2200241 a 4500
001 AALejournalIMF022099
008 230101c9999 xx r poo 0 0eng d
020 |c 5.00 USD 
020 |z 9781498302197 
022 |a 2663-3493 
040 |a BD-DhAAL  |c BD-DhAAL 
110 2 |a International Monetary Fund.  |b Fiscal Affairs Dept. 
245 1 0 |a Corporate Taxation in the Global Economy. 
264 1 |a Washington, D.C. :  |b International Monetary Fund,  |c 2019. 
300 |a 1 online resource (91 pages) 
490 1 |a Policy Papers 
500 |a <strong>Off-Campus Access:</strong> No User ID or Password Required 
500 |a <strong>On-Campus Access:</strong> No User ID or Password Required 
506 |a Electronic access restricted to authorized BRAC University faculty, staff and students 
520 3 |a The policy paper Corporate Taxation in the Global Economy stresses the need to maintain and build on the progress in international cooperation on tax matters that has been achieved in recent years, and in some respects now appears under stress. With special attention to the circumstances of developing countries, the paper identifies and discusses various options currently under discussion for the international tax system to ensure that countries, and in particular low-income countries, can continue to collect corporate tax revenues from multinational activities. 
538 |a Mode of access: Internet 
830 0 |a Policy Papers; Policy Paper ;  |v No. 2019/007 
856 4 0 |z Full text available on IMF  |u http://elibrary.imf.org/view/journals/007/2019/007/007.2019.issue-007-en.xml  |z IMF e-Library